Multiple-Choice-Stadtquiz Herne - Statistiken

Allgemein
  • Dieses Quiz wurde 670 mal gespielt
  • Das Durchschnittsergebnis liegt bei 5 aus 10
Antwortstatistiken
Frage Antwort % Korrekt
In welchem Bundesland liegt Herne? Nordrhein-Westfalen
95%
Welcher Kanal fließt durch Herne? Rhein-Herne-Kanal
78%
Welche Stadt trat 1975 Herne bei? Wanne-Eickel
75%
Wie heißt eine große Kirmes in Herne? Cranger Kirmes
66%
Was ist die Endstation der U35? Schloß Strünkede
47%
Was wird aktuell im Autobahnkreuz Herne gebaut? Tunnel
45%
Wie heißt ein berühmter Park mit einem Streichelzoo? Gysenberg
41%
We heißt die große evangelische Kirche in Herne-Mitte? Kreuzkirche
35%
Wie heißt eine berühmte Zeche in Herne? Mont-Cenis
28%
Unter welchem brandenburgischen Kurfürst gelang Herne durch den Vertrag von Xanten an Brandenburg-Preußen? Johann Sigismund
20%
Keine übereinstimmenden Quizze gefunden
Verteilung der Resultate
Anzahl Personen mit jedem Resultat
Perzentil nach korrekt beantworteten Fragen
Ihre Resultats-Entwicklung
Sie haben dieses Quiz noch nicht gespielt